"Spider-pig" Theme Song - Statistics

General Stats
  • This quiz has been taken 14 times
  • The average score is 24 of 27
Answer Stats
Answer % Correct
pig,
100%
pig.
100%
pig
100%
pig,
100%
pig.
100%
Spider
100%
spider
100%
spider
100%
spider
100%
a
92%
a
92%
a
92%
Can
92%
Does
92%
does.
92%
he
92%
he
92%
whatever
92%
can't,
83%
from
83%
he's
83%
he's
83%
No
83%
swing
83%
web?
83%
look
67%
out,
67%
No matching quizzes found
Score Distribution
Percent of People with Each Score
Percentile by Number Answered
Your Score History
You have not taken this quiz